Nava Vijaypath : Veykthimhatv Viksan Aani UPSC, MPSC pasun Aayushyaparyant (Record no. 357695)
[ view plain ]
| 000 -LEADER | |
|---|---|
| fixed length control field | 00448nam a22001577a 4500 |
| 005 - DATE AND TIME OF LATEST TRANSACTION | |
| control field | 20240406114527.0 |
| 008 - FIXED-LENGTH DATA ELEMENTS--GENERAL INFORMATION | |
| fixed length control field | 240406b |||||||| |||| 00| 0 eng d |
| 041 ## - LANGUAGE CODE | |
| Language code of text/sound track or separate title | Marathi |
| 082 ## - DEWEY DECIMAL CLASSIFICATION NUMBER | |
| Classification number | 891.46 |
| Item number | DHA |
| 100 ## - MAIN ENTRY--PERSONAL NAME | |
| Author | Dharmadhikari Avinash |
| 245 ## - TITLE STATEMENT | |
| Title | Nava Vijaypath : Veykthimhatv Viksan Aani UPSC, MPSC pasun Aayushyaparyant |
| 260 ## - PUBLICATION, DISTRIBUTION, ETC. | |
| Place of publication, distribution, etc. | Pune |
| Name of publisher, distributor, etc. | Chanakya Mandal Pariwar |
| Date of publication, distribution, etc. | 2014 |
| 300 ## - PHYSICAL DESCRIPTION | |
| Extent | 392 |
| 650 ## - SUBJECT ADDED ENTRY--TOPICAL TERM | |
| Topical term or geographic name entry element | Non Fiction |
| 942 ## - ADDED ENTRY ELEMENTS (KOHA) | |
| Koha item type | Donated Book |
| Withdrawn status | Lost status | Source of classification or shelving scheme | Damaged status | Not for loan | Home library | Current library | Date acquired | Total Checkouts | Full call number | Barcode | Date last seen | Actual Price | Koha item type | Original Barcode |
|---|---|---|---|---|---|---|---|---|---|---|---|---|---|---|
| Dewey Decimal Classification | School of Fashion Technology | School of Fashion Technology | 05/03/2024 | 891.46 DHA | SOFT-BK-D18 | 06/04/2024 | 1.00 | Donated Book | D18 |